Регионална библиотека "Любен Каравелов" - Русе

Учителката по пиано (Запис номер 86180)

MARC детайли
000 -Лидер
Контролно поле с фиксирана дължина 01148nam a2200325 c 4500
003 - Код на организацията, давaща контролен номер
Контролно поле BLK
005 - Дата и час на последна редакция
Контролно поле 20250523173828.0
008 - Елементи от данни с фиксирана дължина
fixed length control field 180408b bul|||||r ||||||| ||bul||
010 ## - Наследен системен номер
LC control number KNG00090800000
020 ## - Международен стандартен номер на книга ISBN
Международен стандартен номер на книга ISBN 978-954-655-034-7
-- издат.: Бард
040 ## - Източник на каталожния запис
Идентификатор на билиотеката - собственик на записа BLK
041 ## - Код за език
Код за езика на текст/звукозапис или на отделно заглавие Български
Код за езика КДБФ Български
080 ## - УДК
Текстов определител УДК Американска литература (на САЩ)
УДК код - определител по УДК 821.111(73)
УДК определител -31
УДК - код + определител 821.111(73)-31
100 1# - Редна дума - Автор
Автор Лий, Джанис
Авторска отговорност първи автор
R(LIN) 302142
139 ## - Редно поле
Редна дума Лий, Джанис
Авторски знак Лиз - Л 56
245 10 - Сведения за заглавието
Заглавие Учителката по пиано
Подзаглавни данни Роман
Редно поле (дума) Джанис Лий; прев. Мариана Христова.
257 ## - Страна на издаване
Страна на създаване/издаване Съединени американски щати
260 ## - Област на издателските данни
-- София
Име на издателя, разпространителя и проч. Бард
Година на издаване 2009
300 ## - Физическа характеристика
Страници 336 с.
Размери/Мащаб 20 см
380 ## - Жанр
Жанр Худож. лит.
500 ## - Общи забележки
Забележка Ориг. загл. The Piano Teacher / Janice Y. K. Lee. - Офс. изд.
653 ## - Ключова дума – ненормативна
Ключова дума романи
700 1# - Други автори (авторска отговорност)
Лично име Христова, Мариана
Автороска отговорност (Описва отношението между автора и произведението) прев.
9 (RLIN) 365821
852 ## - Местоположение
Форматна сигнатура Цб 244902
856 4# - Електронен адрес и достъп
Електронен формат pdf - файл
Път до файла /url/
856 4# - Електронен адрес и достъп
Електронен формат pdf - файл
Път до файла /url/
942 ## - АРТИКУЛИ
Вид на библиотечния материал Книги
Скрит в OPAC Не
Koha issues (borrowed), all copies 33
944 ## - СЪЗДАВАНЕ И РЕДАКЦИЯ на ЗАПИСА
Създаване/Редакция Създаване
Дата на регистрацията/редакция 12.08.2009
Статус, дата на статуса Мартин Енчев
Служител, извършил регистрацията/редакцията 30575
944 ## - СЪЗДАВАНЕ И РЕДАКЦИЯ на ЗАПИСА
Създаване/Редакция Редакция
Дата на регистрацията/редакция 17.10.2011
Статус, дата на статуса ф /
Служител, извършил регистрацията/редакцията
999 ## - СИСТЕМНИ КОНТРОЛНИ НОМЕРА
Koha biblionumber 86180
Koha biblioitemnumber 86180
Наличности
Код за отписване Код за изгубен артикул Код за повреда Коз за рестрикции Код за отдаване Артикулен № Име на библиотеката - собственик Име на библиотеката, в която се намира в момента Статус (Текущо местоположение) Дата на вписване в системата Местоположение - отдел Цена в лева Инвентарен номер Систематично азбучна сигнатура Баркод Номер на екземпляра Цена в евро Служебна бележка Служебен тип на артикула
  Не е изгубен Не е повреден без рестрикции заемане за дома 139619 Регионална библиотека "Любен Каравелов" Русе Регионална библиотека "Любен Каравелов" Русе Заемна - подръчен фонд 2009-08-12 Заемна - подръчен фонд 11.99 120000737285 П 820(73)-31/Л 56 120000737285 1 6.13 Дост: Pk Вид: Ф N: 50 Дата: 06.08.2009 Дата инв: 15.02.2018 Бележки инв: П2018 Книги
  Не е изгубен Не е повреден без рестрикции заемане за дома 139620 Регионална библиотека "Любен Каравелов" Русе Регионална библиотека "Любен Каравелов" Русе Заемна - подръчен фонд 2009-08-12 Заемна - подръчен фонд 11.99 120000737286 П 820(73)-31/Л 56 120000737286 2 6.13 Дост: Pk Вид: Ф N: 50 Дата: 06.08.2009 Дата инв: 15.02.2018 Бележки инв: П2018 Книги
Изтеглен Не е изгубен Не е повреден без рестрикции заемане за дома 139621 Регионална библиотека "Любен Каравелов" Русе Регионална библиотека "Любен Каравелов" Русе Заемна - подръчен фонд 2009-08-12 Заемна - подръчен фонд 11.99 120000737287 П 820(73)-31/Л 56 120000737287 3 6.13 Дост: Pk Вид: Ф N: 50 Дата: 06.08.2009 Дата инв: 15.02.2018 Бележки инв: П2018 Книги
  Не е изгубен Не е повреден без рестрикции ползва се в читалня 139622 Регионална библиотека "Любен Каравелов" Русе Регионална библиотека "Любен Каравелов" Русе Хранилище 2011-07-07 Хранилище 11.99 120000751753 Цб 244902 120000751753 4 6.13 Дост: Dp Вид: Д N: 4 Дата: 24.01.2011 Книги
Vip Innovations Ltd, Rousse, Bulgaria 2025